| 000 | 00399nam a22001697a 4500 | ||
|---|---|---|---|
| 005 | 20160630112416.0 | ||
| 008 | 160630b xxu||||| |||| 00| 0 eng d | ||
| 020 | _a978-1-25-906256-8 | ||
| 041 | _aeng | ||
| 082 | _b19545 | ||
| 100 |
_aNag P K _93284 |
||
| 245 | _aEngineering Thermodynamics | ||
| 260 |
_bMc graw Hill _c2014 |
||
| 300 | _a908 | ||
| 650 |
_aDiploma Engineering _9817 |
||
| 942 | _cBK | ||
| 999 |
_c4884 _d4882 |
||